Cities of Richland County, Ohio Quiz - Statistics

General Stats
  • This quiz has been taken 3 times
  • The average score is 5 of 10
Answer Stats
Answer % Correct
Mansfield
100%
Bellville
67%
Lexington
67%
Ontario
67%
Butler
33%
Crestline
33%
Lucas
33%
Plymouth
33%
Shelby
33%
Shiloh
33%
No matching quizzes found
Score Distribution
Percent of People with Each Score
Percentile by Number Answered
Your Score History
You have not taken this quiz